000 01156nam a2200325 a 4500
001 000116342
003 CHAP
005 20220329144611.0
008 191219s2019 mx a |sm |||||||spa d
010 _a112803
011 _a113775
040 _cCHAP
090 _aTesis
100 1 _aGallegos Pastor, Edson Isúi.
_9137168
245 1 0 _aRendimiento de biomasa de maíz forrajero con aplicación de abono orgánico
_h[En línea]
_cpor Edson Isúi Gallegos Pastor.
260 _aChapingo, Méx. :
_bEl autor,
_c2019.
500 _aPara ver el contenido del material haga clic en la liga
502 _aTesis (Ing. Agr. Esp. en Zootecnia) -- UACH. Departamentode Zootecnia
590 _aBATCH-UPD
_b05
_c20191219
_lUCH01
_h1152
590 _aE6339RRR
_b05
_c20191219
_lUCH01
_h1152
590 _aE6339RRR
_b05
_c20191219
_lUCH01
_h1152
650 1 4 _aAbonos
_xEfecto en maíz.
_9253
650 1 4 _aEstiércol como abono.
_938315
650 1 4 _aEstiércol como fertilizante.
_938317
650 1 4 _aMaíz
_xCrecimiento.
_970923
856 _aFinding aid
_uhttp://10.13.5.2/tesis/sist116342.pdf
_zTeclea aquí
901 _aBK
942 _cTESIS
942 _n0
999 _c112803
_d112803